Statistics for Spanish Cathedrals

Click here to take the quiz!

General Stats

  • This quiz has been taken 19 times
  • The average score is 11 of 16

Answer Stats

Answer% Correct
Santiago de Compostela
100%
Barcelona
94%
Seville
94%
Madrid
88%
Malaga
88%
Zaragoza
88%
Granada
76%
Leon
76%
Burgos
65%
Cordoba
65%
Salamanca
59%
Segovia
59%
Girona
53%
Majorca
47%
Avila
29%
Astorga
18%

Score Distribution

Percentile by Number Answered

Percent of People with Each Score

Your Score History

You have not taken this quiz